Over the rainbow : queer children's and young adult literature /

Sparad:
Bibliografiska uppgifter
Materialtyp: Bok
Språk:engelska
Utgiven: Ann Arbor : The University of Michigan Press, 2011
Taggar: Lägg till en tagg
Inga taggar, Lägg till första taggen!

MARC

LEADER 00000nam a22000007i 4500
001 IT\ICCU\UBO\3905809
003 ItRI
005 20260115232003.0
008 111216s2011 xxu|||||| ||||| |||||c
020 |a 9780472051465 (pbk) 
020 |a 9780472071463 (cloth) 
040 |b ita  |c importazione bologna sebina 
041 7 |a eng  |2 ISO-639-2 
245 0 0 |a Over the rainbow :  |b queer children's and young adult literature /  |c edited by Michelle Ann Abate and Kenneth Kidd. 
260 |a Ann Arbor :  |b The University of Michigan Press,  |c 2011 
300 |a ix, 407 p. ;  |c 23 cm. 
942 |2 ddc  |c BK  |n 0 
952 |0 0  |1 0  |4 0  |6 R_809_892000000000000_ABA  |7 0  |9 18522  |a BO  |b BO  |d 2026-01-15  |i 16010  |l 0  |o R 809.892 ABA  |p BO16010  |r 2026-01-15 23:20:03  |w 2026-01-15  |x [Sebina 5] [1 v.]  |y BK  |z 1 v. 
999 |c 15686  |d 15686